Кластеризация как составляющая институциональных преобразований экономики (на примере Сибирского региона); Экономика России в XXI веке

書誌詳細
Parent link:Экономика России в XXI веке.— 2011.— С. 245-248
第一著者: Черемнова М. А.
言語:ロシア語
出版事項: 2011
シリーズ:Региональное развитие в условиях модернизации национальной экономики
主題:
フォーマット: 図書の章
KOHA link:https://koha.lib.tpu.ru/cgi-bin/koha/opac-detail.pl?biblionumber=237887

MARC

LEADER 00000naa2a2200000 4500
001 237887
005 20231031205004.0
035 |a (RuTPU)RU\TPU\book\259068 
035 |a RU\TPU\book\258805 
090 |a 237887 
100 |a 20130519d2011 k y0rusy50 ca 
101 0 |a rus 
102 |a RU 
200 1 |a Кластеризация как составляющая институциональных преобразований экономики (на примере Сибирского региона)  |f М. А. Черемнова 
225 1 |a Региональное развитие в условиях модернизации национальной экономики 
320 |a Библиогр.: с. 248 (5 назв.) 
463 0 |0 (RuTPU)RU\TPU\book\250468  |t Экономика России в XXI веке  |o сборник научных трудов VIII Всероссийской научно-практической конференции "Фундаментальные проблемы модернизации экономики России", г. Томск, 15-18 ноября 2011 г.  |f Национальный исследовательский Томский политехнический университет (ТПУ), Инженерно-экономический факультет ; под ред. Г. А. Барышевой, Л. М. Борисовой  |v С. 245-248  |d 2011  |p 420 с. 
610 1 |a труды учёных ТПУ 
610 1 |a кластеризация 
610 1 |a институциональные преобразования 
610 1 |a экономика 
610 1 |a Сибирский регион 
610 1 |a кластеры 
610 1 |a кластерный подход 
700 1 |a Черемнова  |b М. А. 
801 1 |a RU  |b 63413507  |c 20121214 
801 2 |a RU  |b 63413507  |c 20130519  |g RCR 
942 |c BK